Reincidencia y mediación en menores (Registro nro. 9857)

Detalles MARC
000 -Cabecera
Campo de control de longitud fija 00720nam a22002657a 4500
005 - Fecha y hora de la última transacción
Campo de control 20260324190107.0
008 - Elementos de longitud fija--Información general
Campo de control de longitud fija 170921b2013 xxu||||| |||| 00| 0 spa d
020 ## - International Standard Book Number
Número Internacional Estándar del Libro (ISBN) 978849407519
041 ## - Idioma
Código de idioma Español
082 ## - Clasificación Decimal Dewey
Número de clasificación 364.36 C789r
100 ## - Entrada principal--Autor personal
Nombre personal Corbalán Olivert, Monserrat
9 (RLIN) 44188
100 ## - Entrada principal--Autor personal
Nombre personal Moreno Gálvez, María
9 (RLIN) 44189
245 ## - Título propiamente dicho
Título Reincidencia y mediación en menores
260 ## - Pie de imprenta
Lugar de publicación, distribución, etc. España
260 ## - Pie de imprenta
Nombre del editor, distribuidor, etc. Bosch Editor
260 ## - Pie de imprenta
Fecha de publicación, distribución, etc. 2013
300 ## - Descripción física
Extensión 212 páginas
490 ## - Serie
Título de la Serie Investigación Criminal
650 ## - Materia general
Temática (materia general) JUSTICIA JUVENIL
650 ## - Materia general
Temática (materia general) DERECHO PENAL JUVENIL
650 ## - Materia general
Temática (materia general) LEGISLACIÓN ESPAÑOLA
650 ## - Materia general
Temática (materia general) RESPONSABILIDAD PENAL
650 ## - Materia general
Temática (materia general) PROGRAMAS DE MEDIACIÓN
942 ## - Punto de acceso adicional KOHA
Tipo de ítem KOHA Libro
Fuente del sistema de clasificación o colocación Dewey Decimal Classification
Existencias
Signatura completa Código de barras Programa Académico Tipo de ítem
364.36 C789r 22666 Investigación Criminal Libro